=LDR 00000nam 2200000 4500 =001 INLIS000000000015372 =005 20130612110642 =008 ***********************************Ind** =035 ##$$0010-061300000015372 =041 ##$$a Ind =082 ##$$a 657.07 =090 ##$$a 657.07, PAR-a =100 ##$$a Parhardi =245 ##$$a Akuntansi Sekolah Menengah Umum untuk Kelas 1, Parihardi, Wahyu Adi =260 ##$$a 1996 $b Surakarta =300 ##$$a III, 96 hlm, Ilus, 30 cm =650 ##$$a Akuntansi Studi dan Pengajaran =700 ##$$a Adi, Wahyu =850 ##$$a NBPNMAT